00921nam a2200265Ia 4500001000600000003000900006008004100015040001300056040001300069041001200082100001100094100002900105245006400134245006400198250001100262260002000273260002200293260004900315300005500364500014100419650001500560650003100575700002100606700002800627F6141IT-RoPAU130308s9999 xx 000 0 und d aIT-RoPAU cIT-RoPAU aINGLESE aAA.VV. gCodice Aut. SPICS: 12000 aEncyclopedic dictionary of semiotics, tome 3 (Bibliography) bEncyclopedic Dictionary Of Semiotics, tome 3 (Bibliography) a2a ed. aBERLIN/NEW YORK bMouton De Gruyter c1994 [1° Ed.:1986 - Ed.Ling.Originale:1986] a"500 p. (prefazione: 4; testo: 496 [pagine: 0-0])" aDizionario Enciclopedico di Semiologia: Volume Iii: Bibliografia, con un Supplemento in Appendice. seconda Edizione Riveduta e Ampliata. aSEMIOLOGIA eCodice materia Spics: 3251 aSebeok Thomas A. gCodice Aut. SPICS: 1388